Albums-Songs (Doja Cat) pt.1 - Statistics

General Stats
  • This quiz has been taken 2 times
  • The average score is 18 of 30
Answer Stats
Hint Answer % Correct
Album Title Amala
100%
4 Bottom Bitch
100%
8 Candy
100%
1 Cyber Sex
100%
1 Go To Town
100%
Album Title Hot Pink
100%
16 MOOO!
100%
3 Rules
100%
5 Say So
100%
2 Won't Bite
100%
8 Addiction
50%
11 Better Than Me
50%
10 Casual
50%
2 Cookie Jar
50%
14 Juice
50%
12 Juice
50%
6 Like That
50%
7 Morning Light
50%
3 Roll With Us
50%
10 Shine
50%
9 Streets
50%
7 Talk Dirty
50%
15 Tia Tamera
50%
6 Wild Beach
50%
4 Wine Pon You
50%
13 All Nighter
0%
12 Body Language
0%
11 Down Low
0%
5 Fancy
0%
9 Game
0%
No matching quizzes found
Score Distribution
Percent of People with Each Score
Percentile by Number Answered
Your Score History
You have not taken this quiz